|
|
|
|
| LEADER |
02364nam a22003973i 4500 |
| 001 |
EBC6759167 |
| 003 |
MiAaPQ |
| 005 |
20231204023219.0 |
| 006 |
m o d | |
| 007 |
cr cnu|||||||| |
| 008 |
231204s2018 xx o ||||0 eng d |
| 020 |
|
|
|a 9783839438053
|q (electronic bk.)
|
| 020 |
|
|
|z 9783837638059
|
| 035 |
|
|
|a (MiAaPQ)EBC6759167
|
| 035 |
|
|
|a (Au-PeEL)EBL6759167
|
| 035 |
|
|
|a (OCoLC)1046614305
|
| 040 |
|
|
|a MiAaPQ
|b eng
|e rda
|e pn
|c MiAaPQ
|d MiAaPQ
|
| 100 |
1 |
|
|a Chivers, Sally.
|
| 245 |
1 |
0 |
|a Care Home Stories :
|b Aging, Disability, and Long-Term Residential Care.
|
| 250 |
|
|
|a 1st ed.
|
| 264 |
|
1 |
|a Bielefeld :
|b transcript,
|c 2018.
|
| 264 |
|
4 |
|c Ã2017.
|
| 300 |
|
|
|a 1 online resource (310 pages)
|
| 336 |
|
|
|a text
|b txt
|2 rdacontent
|
| 337 |
|
|
|a computer
|b c
|2 rdamedia
|
| 338 |
|
|
|a online resource
|b cr
|2 rdacarrier
|
| 490 |
1 |
|
|a Aging Studies ;
|v v.14
|
| 505 |
0 |
|
|a Intro -- Content -- Acknowledgements -- Prologue -- Introduction -- Part 1: Personal Perspectives -- Pretty Lit tle Angels -- At Home or Nowhere -- Home Interrupted -- A Place for Dad -- On Not Being Invisible -- Part 2: Working and Playing in the Care Home -- Second Sitting -- Shelter in Place -- Long-Term Care for the Future -- Dementia (Re)performed -- "Hooray for You and Me" -- Part 3: Literary and Cultural Perspectives -- My Mother Defines Purgatory -- The Third Age in the Third World -- Who Cares? -- Outside the Nursing-Home Narrative -- Love, Age, and Loyalty in Alice Munro's "The Bear Came over the Mountain" and Sarah Polley's Away from Her -- Part 4: Social and Historical Perspectives -- Rising Fog -- An Enveloping Shadow? -- A New Home, A New Beginning, A New Identity -- Home Care Home -- Home, Hotel, Hospital, Hospice -- Authors.
|
| 588 |
|
|
|a Description based on publisher supplied metadata and other sources.
|
| 590 |
|
|
|a Electronic reproduction. Ann Arbor, Michigan : ProQuest Ebook Central, 2023. Available via World Wide Web. Access may be limited to ProQuest Ebook Central affiliated libraries.
|
| 655 |
|
4 |
|a Electronic books.
|
| 700 |
1 |
|
|a Kriebernegg, Ulla.
|
| 776 |
0 |
8 |
|i Print version:
|a Chivers, Sally
|t Care Home Stories
|d Bielefeld : transcript,c2018
|z 9783837638059
|
| 797 |
2 |
|
|a ProQuest (Firm)
|
| 830 |
|
0 |
|a Aging Studies
|
| 856 |
4 |
0 |
|u https://ebookcentral.proquest.com/lib/matrademy/detail.action?docID=6759167
|z Click to View
|